Quiz do Turquemenistão - Statistics

Estatísticas Gerais
  • Esse quiz foi jogado 540 vezes
  • A pontuação média é 10 de 19
Estatísticas das Respostas
Dica Resposta % Correto
Países fazendo fronteira com o Turquemenistão Uzbequistão
90%
O Turquemenistão fazia parte deste país antes de 1991 União Soviética
86%
Países fazendo fronteira com o Turquemenistão Afeganistão
84%
Países fazendo fronteira com o Turquemenistão Cazaquistão
84%
Países fazendo fronteira com o Turquemenistão Irão
83%
Cratera de gás famosa que acidentalmente pegou fogo em 1971 e queima até hoje Porta para o {Inferno}
81%
Segunda língua franca depois do turcomano Russo
74%
Exportação principal Gás natural
68%
Capital Asgabate
64%
Grande lago fazendo fronteira com o Turquemenistão Mar Cáspio
51%
Colheita mais importante Algodão
47%
O animal nacional do Turquemenistão, o Akhal-Teke, é uma raça deste mamífero Cavalo
44%
Material de construção caro cobrindo uma grande porcentagem dos prédios da capital Mármore
40%
O Turcomenistão tem um feriado nacional para comemorar este produto de tecido Tapete
25%
Deserto que cobre grande parte do Turquemenistão {Kara}kum
22%
Significado do nome da capital Cidade do {amor}
21%
Moeda oficial Manate
21%
Presidente, 1990-2006, que construiu uma estátua de ouro gigante de si mesmo que sempre girava para ficar de frente para o sol Saparmyrat Nyýazow
17%
Cidade fundada por Alexandre, o Grande, que foi uma das maiores cidades do mundo durante os séculos XII e XIII, com cerca de 500.000 habitantes Merv
15%
Nenhum quiz correspondente encontrado
Distribuição das Pontuações
Porcentagem de Pessoas com Cada Pontuação
Percentil de Números Respondidos
Sua Pontuação Histórica
Você não jogou esse quiz